000 00883nam a2200277 i 4500
003 EG-GICUC
005 20260429190549.0
008 260429s1937 fr ||||fr|||| 000 0 fre d
040 _aEG-GiCUC
_bfre
_cEG-GiCUC
_dEG-GiCUC
_erda
082 0 4 _221
_a343.425
_bHA . N
092 0 4 _221
099 _aLaw1 10 343.425 HA . N 1937
100 1 _aHalim Tevfik
_eAuteur
245 1 3 _aLe Nouveau Régime De La Presse :
_bEtude Juridique Et Sociologique /
_cHalim Tevfik.
264 1 _aParis :
_bLibrairie Du Recueil Sirey,
_c1937.
300 _a188pages :
_billustrations,
_c24 cm
336 _2rda content
_atext
337 _2rda media
_aComputer
338 _2rda carrier
_aOnline Resource
546 _aTexte en français
650 1 4 _aDroit pénal
_2
651 1 _2
856 4 0 _uhttps://fll.law.cu.edu.eg/fulltext/bks/B10-10852.pdf
905 _a50
942 _2ddc
_cBK
_e21
_n0
999 _c74317
_d74317